100 Biggest Cities of European Turkey on a Map - Statistics

General Stats
  • This quiz has been taken 147 times
  • The average score is 10 of 100
Answers on the Map
Answers color-coded by a green-red scale on the quiz's map according to % correct below.
 
Answer Stats
Population City % Correct
15,244,936 İstanbul
100%
180,002 Edirne
74%
186,421 Tekirdağ
66%
308,073 Çorlu
57%
85,493 Kırklareli
47%
125,404 Lüleburgaz
46%
191,903 Silivri
45%
258,924 Arnavutköy
34%
141,847 Çerkezköy
33%
127,412 Kapaklı
29%
39,678 Çatalca
25%
62,399 Keşan
25%
13,921 Marmaraereğlisi
22%
30,199 Malkara
21%
29,215 Babaeski
20%
4,301 Enez
20%
28,047 Saray
20%
39,577 Uzunköprü
20%
8,546 İpsala
18%
22,213 Şarköy
17%
17,772 Hayrabolu
16%
15,116 Vize
14%
25,025 Muratlı
13%
10,497 Pınarhisar
12%
8,702 Havsa
11%
1,560 Lalapaşa
11%
3,489 Demirköy
9%
2,511 İğneada
9%
5,435 Karaağaç
9%
2,820 Meriç
9%
3,211 Süloğlu
9%
3,206 Beğendik
8%
2,160 Kıyıköy
8%
2,965 Kumbağ
8%
1,654 Pehlivanköy
8%
11,432 Velimeşe
8%
6,727 Ulaş
7%
54,268 Kızılpınar
5%
2,195 Üsküp
5%
2,070 Alpullu
4%
1,813 Karaburun
4%
2,412 Mürefte
4%
10,712 Veliköy
4%
11,777 Yeniçiftlik
4%
1,518 Yeniköy
4%
1,782 Aliçopehlivan
3%
2,670 Barbaros
3%
3,238 Büyük Çavuşlu
3%
6,309 Büyükkarıştıran
3%
2,612 Çakıl
3%
6,692 Değirmenköy
3%
2,155 Esetçe
3%
6,223 Gündüzlü
3%
4,682 Kavaklı
3%
2,503 Kırcasalih
3%
2,153 Küplü
3%
12,601 Marmaracık
3%
4,056 Önerler
3%
4,337 Rumelifeneri
3%
1,483 | 1,865 Subaşı
3%
2,276 Vakıflar
3%
2,984 Yenikarpuzlu
3%
1,399 Beyciler
1%
3,305 Büyükmandıra
1%
1,981 Çakıllı
1%
2,807 Çanakça
1%
1,417 Çayırdere
1%
2,313 Çerkezmüsellim
1%
1,721 Çukuryurt
1%
1,982 Gökçeali
1%
1,628 Hallaçlı
1%
1,521 Hoşköy
1%
1,728 İhsaniye
1%
1,580 İnece
1%
1,825 Kabakça
1%
1,454 Kadıköy
1%
2,658 Karacakılavuz
1%
4,586 Karakoç
1%
1,997 Kaynarca
1%
1,835 Küçükyoncalı
1%
1,963 Pınarca
1%
1,879 Sağlamtaş
1%
1,476 | 2,951 Tayakadın
1%
2,930 Topağaç
1%
1,484 Yalıköy
1%
1,480 Yanıkağıl
1%
1,976 Yenimuhacir
1%
3,628 Ahmetbey
0%
10,754 Büyükyoncalı
0%
2,666 Evrensekiz
0%
1,509 Fener
0%
1,384 Güngörmez
0%
2,733 Karacaköy Merkez
0%
2,418 Kestanelik
0%
1,558 Kırıkköy
0%
1,429 Oklalı
0%
2,538 Sultanköy
0%
1,909 Yenice
0%
No matching quizzes found
Score Distribution
Percent of People with Each Score
Percentile by Number Answered
Your Score History
You have not taken this quiz